Display Technology Acronyms/Initialisms - Statistics

General Stats
  • This quiz has been taken 23 times
  • The average score is 3 of 15
Answer Stats
Acronym/Initialism What it Stands For % Correct
LCD Liquid Crystal Display
79%
LED Light Emitting Diode
74%
CRT Cathode Ray Tube
42%
OLED Organic Light Emitting Diode
42%
HDMI High-Definition Multimedia Interface
26%
AMOLED Active-Matrix Organic Light Emitting Diode
16%
QLED (QD-LED) Quantum-Dot Light Emitting Diode
11%
IPS In-Plane Switching
5%
PDP Plasma Display Panel
5%
TFT Thin Film Transistor
5%
TN Twisted Nematic
5%
VFD Vacuum Fluorescent Display
5%
VA Vertical Alignment
5%
ELD Electronic Luminescent Display
0%
PLS Plane to Line Switching
0%
No matching quizzes found
Score Distribution
Percent of People with Each Score
Percentile by Number Answered
Your Score History
You have not taken this quiz